000 00792nam a22002297a 4500
005 2008102207247.0
008 081022t xxu||||| |||| 00| 0 eng d
010 _aENG-84292
020 _a0195684192
020 _c595.00 (hb)
035 _aEN-67825
082 _a339
100 _aBhattacharya, B B
245 _aMacroeconomic reforms, growth, and stability /
_cby B B Bhattacharya and Sabyasachi Kar
260 _aNew Delhi
_bOxford University Press
260 _c2007
300 _axviii,263p
_c22cm
500 _aIncludes bibliographical references and index
700 _aKar, Sabyasachi
_cjt auth
942 _2ddc
_cEN
_h339
_mBHA
999 _c17631
_d17631